| 000 | 00586nam a2200193Ia 4500 | ||
|---|---|---|---|
| 008 | 151119s9999||||xx |||||||||||||| ||und|| | ||
| 082 | _a891.461 | ||
| 082 | _bGKKV5028 | ||
| 100 | _aकाशीकर एस एम | ||
| 245 | _aमर्ढेकरांची कविता | ||
| 260 | _a-- | ||
| 260 | _b-- | ||
| 260 | _c1987 | ||
| 600 | _aकाशीकर एस एम | ||
| 630 | _aमर्ढेकरांची कविता | ||
| 700 | _aकाशीकर एस एम | ||
| 730 | _aमर्ढेकरांची कविता | ||
| 942 | _cBOOK | ||
| 999 |
_c1060153 _d1060150 |
||